000 00710nam a2200241Ia 4500
003 OSt
005 20221007071832.0
006 a|||||r|||| 00| 0
007 ta
008 221006b |||||||| |||| 00| 0 eng d
024 _a22,796
037 _cReference Collections
040 _aFLL
_cFLL
_beng
041 _2eng
_aeng
082 _aW:5, P2
100 _aKretzmer David Ed.
_9689521
245 0 _aConcepts muman dignity in Human rights discourse
260 _aLondon
_bKluwer Law International New York
_c2002
300 _avii,313p
_ccm.
700 _a Klein Eckart
_9689522
942 _hW:5, P2
_cREF
_2CC
999 _c1144446
_d1144446